Parts of a Neuron - Statistics

General Stats
  • This quiz has been taken 98 times
  • The average score is 6 of 9
Answer Stats
Hint Answer % Correct
a single process extending from the cell body of a neuron, taking impulses away from the cell body axon
90%
the fatty white substance forming an insulating sheath around many nerve fibers myelin
89%
short fibers branching out from the axon or cell body of a neuron that receives impulses from other neurons. dendrite
88%
the basic unit of the nervous system neuron
83%
the main part of a neuron containing the nucleus cell body
72%
the junction between two neurons synapse
72%
a chemical released at nerve endings to transmit nerve impulses across synapses neurotransmitter
61%
a cell producing a nerve fiber's myelin sheath Schwann cell
42%
narrow gaps in the myelin sheath, between adjacent Schwann cells Nodes of Ranvier
40%
No matching quizzes found
Score Distribution
Percent of People with Each Score
Percentile by Number Answered
Your Score History
You have not taken this quiz